Zagreb Creeks - Statistics

General Stats
  • This quiz has been taken 3 times
  • The average score is 3 of 34
Answer Stats
Answer % Correct
Črnomerec
100%
Vrapčak
67%
Kuniščak
33%
Kustošak
33%
Trnava
33%
Bidrovac
0%
Blaguša
0%
Bliznec
0%
Črnec potok
0%
Čučerska Reka
0%
Dubravica
0%
Goranec
0%
Gračanski potok
0%
Gravničica
0%
Javorščak
0%
Jelenovac
0%
Jelovčina
0%
Jezeranec
0%
Kašina
0%
Kraljevec Kraljvečki potok
0%
Medpotoki
0%
Medveščak
0%
Mikulić potok
0%
Miroševac
0%
Mrzlak
0%
Nespeš
0%
Remetski potok
0%
Ribnjak
0%
Slivnjak
0%
Štefanec
0%
Suhodol
0%
Vugrov potok
0%
Vukov dol
0%
Zelengaj
0%
No matching quizzes found
Score Distribution
Percent of People with Each Score
Percentile by Number Answered
Your Score History
You have not taken this quiz